Normal view
MARC view
Entry Meeting Name
001 - CONTROL NUMBER
- control field: 19399
003 - CONTROL NUMBER IDENTIFIER
- control field: OSt
005 - DATE AND TIME OF LATEST TRANSACTION
- control field: 20211105134410.0
008 - FIXED-LENGTH DATA ELEMENTS
- fixed length control field: 211105|| aca||aabn | a|a d
040 ## - CATALOGING SOURCE
- Original cataloging agency: OSt
- Transcribing agency: OSt
111 ## - HEADING--MEETING NAME
- Meeting name or jurisdiction name as entry element: International Symposium on Coherent States, Past, Present and Future
- Location of meeting: Oak Ridge National Laboratory, Tennessee
- Date of meeting or treaty signing: 1993 June 14-17
670 ## - SOURCE DATA FOUND
- Source citation: Work cat.: (OSt): International Symposium on Coherent States, Past, Present and Future Oak Ridge National Laboratory, Tennessee 1993 June 14-17, Coherent states, 1994